[Event "Gibtelecom ChallWk1 6th"]
[Site "Gibraltar"]
[Date "2008.01.25"]
[Round "4.31"]
[White "Reppen, Ellisiv"]
[Black "Gravett, Alan D"]
[Result "1-0"]
[WhiteElo "1918"]
[BlackElo "1869"]
[PlyCount "73"]
[EventDate "2008.01.22"]
[EventType "swiss"]
[EventRounds "5"]
[EventCountry "GGB"]
[SourceTitle "BritBase"]
[Source "www.saund.co.uk"]
[SourceDate "2018.02.10"]
[SourceVersion "1"]
[SourceVersionDate "2018.02.10"]
[SourceQuality "1"]

1. e4 c5 2. Nf3 d6 3. d4 cxd4 4. Nxd4 Nf6 5. Nc3 a6 6. Be2 e5 7. Nf3 b5 8. Bg5
Bb7 9. O-O Be7 10. Bxf6 gxf6 11. Nd5 f5 12. exf5 Nd7 13. c4 Bxd5 14. Qxd5 b4
15. Nd2 Nf6 16. Qc6+ Kf8 17. Bf3 Ra7 18. Ne4 Nxe4 19. Qxe4 h5 20. Rad1 Qb8 21.
Rfe1 h4 22. Qd3 a5 23. Bd5 a4 24. Re4 Rg8 25. Qf3 Bf6 26. Qh5 Rg5 27. Qf3 Ke7
28. Rg4 Qg8 29. Qe3 Ra5 30. Rxg5 Bxg5 31. Qb6 Qd8 32. Qxd8+ Kxd8 33. Bxf7 Ke7
34. Be6 a3 35. b3 Ra8 36. Kf1 Ra6 37. Ke2 {time} 1-0

[Event "Gibtelecom ChallWk1 6th"]
[Site "Gibraltar"]
[Date "2008.01.25"]
[Round "4.32"]
[White "Petrovic, Marko"]
[Black "Manetto, Luis"]
[Result "1/2-1/2"]
[WhiteElo "1983"]
[BlackElo "1592"]
[PlyCount "113"]
[EventDate "2008.01.22"]
[EventType "swiss"]
[EventRounds "5"]
[EventCountry "GGB"]
[SourceTitle "BritBase"]
[Source "www.saund.co.uk"]
[SourceDate "2018.02.10"]
[SourceVersion "1"]
[SourceVersionDate "2018.02.10"]
[SourceQuality "1"]

1. e4 c5 2. c3 Nc6 3. d4 cxd4 4. cxd4 d6 5. Nc3 Nf6 6. Bc4 e6 7. Nf3 Be7 8. O-O
O-O 9. Bg5 h6 10. Bxf6 Bxf6 11. Qd2 a6 12. Rad1 b5 13. Bb3 Qc7 14. Bc2 Rd8 15.
Bb1 Bb7 16. a3 Na5 17. Rc1 Nc4 18. Qe2 Qb6 19. Rfd1 Rac8 20. Rc2 Rc7 21. Qd3
Rdc8 22. Re2 g6 23. Na2 a5 24. b4 a4 25. Rc2 Bg7 26. Nc1 f5 27. exf5 exf5 28.
Nd2 Nb2 29. Rxb2 Rxc1 30. Nf1 Rxd1 31. Qxd1 Bxd4 32. Rd2 Be5 33. Ne3 Bf4 34.
Rd4 Bxe3 35. fxe3 Rc3 36. Qd2 Rxa3 37. Ba2+ Kf8 38. Kf2 Ke7 39. Qb2 Qc6 40.
Qxa3 Qxg2+ 41. Ke1 Bf3 42. Qd3 Qg1+ 43. Kd2 Qd1+ 44. Kc3 Qa1+ 45. Kd2 Qxa2+ 46.
Ke1 a3 47. Rxd6 Qa1+ 48. Kf2 Be4 49. Rd7+ Kf6 50. Qd6+ Kg5 51. Qg3+ Kh5 52.
Qh3+ Kg5 53. Rd2 a2 54. Qg3+ Kh5 55. Qh3+ Kg5 56. Qg3+ Kh5 57. Qh3+ 1/2-1/2

[Event "Gibtelecom ChallWk1 6th"]
[Site "Gibraltar"]
[Date "2008.01.26"]
[Round "5.1"]
[White "Kvisla, Johannes Luangtep"]
[Black "Bigg, Andrew J"]
[Result "1-0"]
[WhiteElo "2130"]
[BlackElo "2231"]
[PlyCount "55"]
[EventDate "2008.01.22"]
[EventType "swiss"]
[EventRounds "5"]
[EventCountry "GGB"]
[SourceTitle "BritBase"]
[Source "www.saund.co.uk"]
[SourceDate "2018.02.10"]
[SourceVersion "1"]
[SourceVersionDate "2018.02.10"]
[SourceQuality "1"]

1. e4 e6 2. d4 d5 3. Nc3 Bb4 4. e5 Ne7 5. a3 Bxc3+ 6. bxc3 c5 7. Qg4 O-O 8. Bd3
f5 9. exf6 Rxf6 10. Bg5 Rf7 11. Qh5 g6 12. Qd1 Nbc6 13. Nf3 c4 14. Be2 Qf8 15.
Qc1 Nf5 16. h4 Bd7 17. h5 gxh5 18. Rxh5 Be8 19. Rh3 Rg7 20. g4 Nd6 21. Bh6 Bg6
22. Bxg7 Qxg7 23. Qe3 Ne4 24. Nh4 Re8 25. Nxg6 Qxg6 26. f3 Ng5 27. Rh5 Nf7 28.
O-O-O 1-0

[Event "Gibtelecom ChallWk1 6th"]
[Site "Gibraltar"]
[Date "2008.01.26"]
[Round "5.2"]
[White "Lyell, Mark"]
[Black "Kozlov, Oleg"]
[Result "1-0"]
[WhiteElo "2221"]
[BlackElo "2144"]
[PlyCount "83"]
[EventDate "2008.01.22"]
[EventType "swiss"]
[EventRounds "5"]
[EventCountry "GGB"]
[SourceTitle "BritBase"]
[Source "www.saund.co.uk"]
[SourceDate "2018.02.10"]
[SourceVersion "1"]
[SourceVersionDate "2018.02.10"]
[SourceQuality "1"]

1. e4 c5 2. Nf3 e6 3. c3 Nf6 4. e5 Nd5 5. Bc4 Nb6 6. Bb3 d5 7. d4 Bd7 8. O-O
Nc6 9. Bf4 cxd4 10. cxd4 Na5 11. Bc2 Rc8 12. Bd3 a6 13. Qe2 Nc6 14. Nc3 Nb4 15.
Bb1 Rxc3 16. bxc3 Bb5 17. Qd1 Bxf1 18. Kxf1 Nc6 19. Bd3 Na5 20. Rb1 Be7 21. Qc2
Qc7 22. Bxh7 Nbc4 23. Bc1 g6 24. Bxg6 fxg6 25. Qxg6+ Kd7 26. Ng5 Qc6 27. Qg7
Qa4 28. Bf4 Qc2 29. Re1 Rh4 30. Nxe6 Kxe6 31. Qg8+ Kd7 32. e6+ Kc6 33. Qe8+ Kb6
34. Qxe7 Ka7 35. Qxh4 Qd3+ 36. Kg1 Qxc3 37. Rc1 Qb2 38. Qh8 Nc6 39. e7 Nd6 40.
e8=Q Nxe8 41. Qxe8 a5 42. Rxc6 1-0

[Event "Gibtelecom ChallWk1 6th"]
[Site "Gibraltar"]
[Date "2008.01.26"]
[Round "5.3"]
[White "Osuna Vega, Enrique"]
[Black "Erdelyi, Tamas"]
[Result "0-1"]
[WhiteElo "2146"]
[BlackElo "2186"]
[PlyCount "106"]
[EventDate "2008.01.22"]
[EventType "swiss"]
[EventRounds "5"]
[EventCountry "GGB"]
[SourceTitle "BritBase"]
[Source "www.saund.co.uk"]
[SourceDate "2018.02.10"]
[SourceVersion "1"]
[SourceVersionDate "2018.02.10"]
[SourceQuality "1"]

1. e4 c5 2. Nf3 e6 3. d4 cxd4 4. Nxd4 a6 5. Nc3 Qc7 6. g3 Bb4 7. Nde2 Nf6 8.
Bg2 Be7 9. O-O Nc6 10. h3 d6 11. f4 Rb8 12. g4 h6 13. Ng3 Nh7 14. Be3 b5 15.
Nh5 O-O 16. f5 Qd8 17. Qd2 Kh8 18. Kh1 Ne5 19. Bxh6 Rg8 20. Bf4 Nc4 21. Qc1 b4
22. Nd1 e5 23. Bd2 Bh4 24. Kh2 a5 25. Ne3 Ba6 26. Nd5 Nxd2 27. Qxd2 Bg5 28. Qf2
Bh4 29. Qa7 Bxf1 30. Rxf1 Rf8 31. Rd1 Rc8 32. c3 bxc3 33. Nxc3 Nf6 34. Nxf6
Bxf6 35. Qa6 Be7 36. Rd2 Bg5 37. Rxd6 Bf4+ 38. Kg1 Qh4 39. Qe2 a4 40. a3 Rc7
41. Rd3 Rb8 42. Kf1 Rbc8 43. Qf2 Qf6 44. h4 Qc6 45. g5 Rb7 46. Qe2 Rcb8 47. Nd5
Kg8 48. Bh3 Qc1+ 49. Rd1 Qxb2 50. Nxf4 exf4 51. Qh5 Qxa3 52. Bg2 Rb1 53. g6
Qd3+ 0-1

[Event "Gibtelecom ChallWk1 6th"]
[Site "Gibraltar"]
[Date "2008.01.26"]
[Round "5.4"]
[White "Urbina Perez, Juan Antonio"]
[Black "Hagen, Anders Gjerdrum"]
[Result "1-0"]
[WhiteElo "2241"]
[BlackElo "2049"]
[PlyCount "87"]
[EventDate "2008.01.22"]
[EventType "swiss"]
[EventRounds "5"]
[EventCountry "GGB"]
[SourceTitle "BritBase"]
[Source "www.saund.co.uk"]
[SourceDate "2018.02.10"]
[SourceVersion "1"]
[SourceVersionDate "2018.02.10"]
[SourceQuality "1"]

1. e4 c5 2. Nf3 Nc6 3. Bb5 Nf6 4. Nc3 Qc7 5. O-O Nd4 6. Re1 a6 7. Bf1 e5 8. Nd5
Nxd5 9. Nxd4 Nf6 10. Nf3 d6 11. c3 Be7 12. d4 O-O 13. h3 b5 14. a4 Bd7 15. Bg5
Bc6 16. d5 Bd7 17. b3 Rfb8 18. Qc2 Qd8 19. Bd3 Nh5 20. Be3 h6 21. axb5 Bxb5 22.
Bxb5 Rxb5 23. Nd2 Bg5 24. Nc4 Bxe3 25. Rxe3 Qb8 26. Ra3 Nf4 27. Kh2 Ng6 28. Qa2
Kh7 29. Rxa6 Rxa6 30. Qxa6 Rxb3 31. Qxd6 Qb5 32. Nxe5 Rb2 33. Nxg6 fxg6 34. Rg3
Qe8 35. Qf4 Rb7 36. e5 Rf7 37. Qe3 Rf5 38. f4 g5 39. fxg5 Rxe5 40. g6+ Kh8 41.
Qxc5 Qb8 42. Qc6 h5 43. d6 Re6 44. Qc7 1-0

[Event "Gibtelecom ChallWk1 6th"]
[Site "Gibraltar"]
[Date "2008.01.26"]
[Round "5.6"]
[White "Haugstad, Espen"]
[Black "Arvola, Benjamin"]
[Result "1/2-1/2"]
[WhiteElo "2042"]
[BlackElo "2062"]
[PlyCount "151"]
[EventDate "2008.01.22"]
[EventType "swiss"]
[EventRounds "5"]
[EventCountry "GGB"]
[SourceTitle "BritBase"]
[Source "www.saund.co.uk"]
[SourceDate "2018.02.10"]
[SourceVersion "1"]
[SourceVersionDate "2018.02.10"]
[SourceQuality "1"]

1. d4 Nf6 2. c4 e6 3. Nc3 Bb4 4. a3 Bxc3+ 5. bxc3 O-O 6. Bg5 c5 7. Qd2 d6 8. e3
Nbd7 9. Bd3 b6 10. Ne2 Ba6 11. O-O Rc8 12. Rac1 Qc7 13. f4 e5 14. fxe5 dxe5 15.
Ng3 e4 16. Nxe4 Nxe4 17. Bxe4 Bxc4 18. Rf3 Qd6 19. Qf2 Bd5 20. Bxd5 Qxd5 21.
Qh4 f6 22. Bf4 c4 23. Rcf1 Rce8 24. Rh3 Qe4 25. Qh5 Rf7 26. Qb5 Rc8 27. Qa6 Qc6
28. d5 Qc5 29. Bd6 Nb8 30. Bxc5 Nxa6 31. Bb4 Nc5 32. Bxc5 Rxc5 33. Rd1 Rd7 34.
Rh4 Kf7 35. Rhd4 Ke7 36. a4 Kd6 37. Kf2 Re7 38. Kf3 Re5 39. Rh4 h6 40. Rdd4
Rexd5 41. Rxc4 Kc6 42. Ke2 f5 43. g3 Rxc4 44. Rxc4+ Rc5 45. Kd3 Kd5 46. Rd4+
Ke5 47. Rd7 Rd5+ 48. Rxd5+ Kxd5 49. c4+ Kc5 50. Kc3 a6 51. Kb3 b5 52. cxb5 axb5
53. axb5 Kxb5 54. Kc3 Kc5 55. Kd3 Kd5 56. Kd2 Ke4 57. Ke2 g5 58. h3 h5 59. g4
fxg4 60. hxg4 h4 61. Kf2 Kd3 62. Kf3 Kc4 63. Ke4 Kc5 64. Kf3 Kd5 65. Kf2 Ke4
66. Ke2 Ke5 67. Kf2 Kd5 68. Ke2 Ke5 69. Kf2 Ke4 70. Ke2 h3 71. Kf2 h2 72. Kg2
Kxe3 73. Kxh2 Kf3 74. Kh3 Kf4 75. Kh2 Kxg4 76. Kg2 1/2-1/2

[Event "Gibtelecom ChallWk1 6th"]
[Site "Gibraltar"]
[Date "2008.01.26"]
[Round "5.7"]
[White "Reppen, Sigmund"]
[Black "Rosberg, Simon"]
[Result "0-1"]
[WhiteElo "2061"]
[BlackElo "2246"]
[PlyCount "124"]
[EventDate "2008.01.22"]
[EventType "swiss"]
[EventRounds "5"]
[EventCountry "GGB"]
[SourceTitle "BritBase"]
[Source "www.saund.co.uk"]
[SourceDate "2018.02.10"]
[SourceVersion "1"]
[SourceVersionDate "2018.02.10"]
[SourceQuality "1"]

1. e4 c5 2. Nf3 e6 3. d4 cxd4 4. Nxd4 a6 5. Nc3 Qc7 6. Bd3 Nc6 7. Be3 Nf6 8.
O-O Nxd4 9. Bxd4 Bc5 10. Bxc5 Qxc5 11. Qe2 d6 12. Rfe1 e5 13. Bc4 Be6 14. Bxe6
fxe6 15. Rad1 O-O 16. Qe3 Qc6 17. h3 b5 18. a3 Rab8 19. f4 Nd7 20. Qd2 Qb6+ 21.
Kh1 exf4 22. Qxd6 f3 23. Qxb6 Nxb6 24. b3 Rbc8 25. Rd3 f2 26. Rf1 Rc7 27. g3
Nd7 28. Nd1 Nf6 29. Rxf2 Nxe4 30. Rxf8+ Kxf8 31. Re3 Nf6 32. c3 Ke7 33. Rd3 Nd7
34. Re3 Nf6 35. Rd3 Ne4 36. b4 Rd7 37. Rxd7+ Kxd7 38. Kg2 Kd6 39. Kf3 Nd2+ 40.
Ke2 Nc4 41. Nf2 Nxa3 42. Kd3 Kd5 43. Ne4 Nc4 44. Nc5 a5 45. Na6 a4 46. Nc7+ Kc6
47. Nxe6 a3 48. Nd4+ Kd5 49. Kc2 a2 50. Nb3 Ke4 51. Na1 Kf3 52. Kb3 Kxg3 53.
Kxa2 Kxh3 54. Nc2 Kg4 55. Nd4 Nd6 56. Nxb5 Nxb5 57. c4 Kf5 58. Kb3 Ke6 59. Ka4
Nc3+ 60. Ka5 Kd7 61. Ka6 g5 62. b5 Na4 0-1

[Event "Gibtelecom ChallWk1 6th"]
[Site "Gibraltar"]
[Date "2008.01.26"]
[Round "5.8"]
[White "Lindsoe, Fredrik Aunan"]
[Black "Bates, Caspar J"]
[Result "0-1"]
[WhiteElo "2001"]
[BlackElo "2190"]
[PlyCount "52"]
[EventDate "2008.01.22"]
[EventType "swiss"]
[EventRounds "5"]
[EventCountry "GGB"]
[SourceTitle "BritBase"]
[Source "www.saund.co.uk"]
[SourceDate "2018.02.10"]
[SourceVersion "1"]
[SourceVersionDate "2018.02.10"]
[SourceQuality "1"]

1. e4 e5 2. Nf3 Nc6 3. d4 exd4 4. Nxd4 Nf6 5. Nxc6 bxc6 6. Bd3 d5 7. exd5 cxd5
8. O-O Be7 9. Bb5+ Bd7 10. c4 c6 11. Ba4 O-O 12. Bf4 dxc4 13. Nd2 Nd5 14. Qf3
Nxf4 15. Qxf4 Bg5 16. Qd6 Be6 17. Ne4 Qxd6 18. Nxd6 Bf6 19. Bxc6 Rab8 20. Rad1
Bxb2 21. Be4 c3 22. Bb1 g6 23. Ne4 Rfc8 24. Bc2 Bxa2 25. Rd7 Bb3 26. Re1 Bxc2
0-1

[Event "Gibtelecom ChallWk1 6th"]
[Site "Gibraltar"]
[Date "2008.01.26"]
[Round "5.9"]
[White "Vea, Odin Blikra"]
[Black "Foisor, Veronica"]
[Result "1-0"]
[WhiteElo "2168"]
[BlackElo "2043"]
[PlyCount "127"]
[EventDate "2008.01.22"]
[EventType "swiss"]
[EventRounds "5"]
[EventCountry "GGB"]
[SourceTitle "BritBase"]
[Source "www.saund.co.uk"]
[SourceDate "2018.02.10"]
[SourceVersion "1"]
[SourceVersionDate "2018.02.10"]
[SourceQuality "1"]

1. e4 e6 2. d4 d5 3. exd5 exd5 4. Bd3 Nc6 5. c3 Bd6 6. Ne2 Nge7 7. Bf4 Be6 8.
O-O Qd7 9. Bxd6 Qxd6 10. Nd2 Bf5 11. Nf3 O-O 12. Ng3 Bg6 13. h4 Bxd3 14. Qxd3
Qg6 15. Qe3 Nf5 16. Nxf5 Qxf5 17. Rfe1 h6 18. Qd2 Rfe8 19. Re3 Re6 20. Rxe6
fxe6 21. Re1 Rf8 22. Qe2 Rf6 23. Qb5 Rg6 24. Re3 Qg4 25. g3 Qf4 26. Qe2 Qf5 27.
Kg2 a6 28. b4 Nd8 29. Ne5 Rf6 30. Nd7 Rf7 31. Ne5 Re7 32. Rf3 Qb1 33. h5 Qe4
34. Qxe4 dxe4 35. Rf4 Nf7 36. Ng6 Re8 37. Rxe4 Nd6 38. Re5 b6 39. Re2 Nc4 40.
d5 Kf7 41. dxe6+ Rxe6 42. Rxe6 Kxe6 43. Kf3 b5 44. Nf4+ Kd6 45. Ke4 Nb6 46. Nd3
Na4 47. Kd4 c6 48. f4 Ke6 49. g4 Kd6 50. g5 Ke6 51. gxh6 gxh6 52. Ne5 Kf5 53.
Nf7 Kxf4 54. Nxh6 Kg5 55. Nf7+ Kxh5 56. Ne5 Nb6 57. Nxc6 Nd7 58. Ne5 Nb6 59.
Nd3 Nc4 60. Ne5 Nd6 61. Kd5 Nb7 62. Kc6 Nd8+ 63. Kd7 Nb7 64. Kc7 1-0

[Event "Gibtelecom ChallWk1 6th"]
[Site "Gibraltar"]
[Date "2008.01.26"]
[Round "5.10"]
[White "Lovik, Lasse Ostebo"]
[Black "Compton, Alistair"]
[Result "1/2-1/2"]
[WhiteElo "2052"]
[BlackElo "2132"]
[PlyCount "62"]
[EventDate "2008.01.22"]
[EventType "swiss"]
[EventRounds "5"]
[EventCountry "GGB"]
[SourceTitle "BritBase"]
[Source "www.saund.co.uk"]
[SourceDate "2018.02.10"]
[SourceVersion "1"]
[SourceVersionDate "2018.02.10"]
[SourceQuality "1"]

1. e4 e6 2. d4 d5 3. Nc3 Nf6 4. e5 Nfd7 5. f4 c5 6. Nf3 Nc6 7. Be3 cxd4 8. Nxd4
Bc5 9. Qd2 O-O 10. O-O-O a6 11. g4 Bxd4 12. Bxd4 b5 13. a3 Rb8 14. b4 Nb6 15.
Bc5 Re8 16. Rg1 Nc4 17. Bxc4 bxc4 18. Qe3 Bd7 19. f5 a5 20. f6 gxf6 21. b5 Nxe5
22. g5 Ng6 23. h4 f5 24. h5 f4 25. Qe1 Qc7 26. Na4 Bxb5 27. hxg6 fxg6 28. Bb6
Qd6 29. Bc5 Qc7 30. Bb6 Qd6 31. Bc5 Qc7 1/2-1/2

[Event "Gibtelecom ChallWk1 6th"]
[Site "Gibraltar"]
[Date "2008.01.26"]
[Round "5.11"]
[White "Pettersson, Anders"]
[Black "Arnott, Jonathan W"]
[Result "0-1"]
[WhiteElo "1984"]
[BlackElo "2117"]
[PlyCount "54"]
[EventDate "2008.01.22"]
[EventType "swiss"]
[EventRounds "5"]
[EventCountry "GGB"]
[SourceTitle "BritBase"]
[Source "www.saund.co.uk"]
[SourceDate "2018.02.10"]
[SourceVersion "1"]
[SourceVersionDate "2018.02.10"]
[SourceQuality "1"]

1. d4 d5 2. c4 c6 3. Nc3 Nf6 4. Nf3 a6 5. cxd5 cxd5 6. Bg5 e6 7. e3 Nc6 8. Bd3
Be7 9. O-O O-O 10. a3 b5 11. b4 Bb7 12. Qb1 h6 13. Bh4 Rc8 14. Rc1 Nd7 15. Bxe7
Qxe7 16. Ne2 e5 17. dxe5 Ndxe5 18. Nxe5 Nxe5 19. Bf5 Rc4 20. Nd4 g6 21. Bc2
Rfc8 22. Rd1 Qc7 23. Bb3 Ng4 24. g3 Qe5 25. Nf3 Qf6 26. Kg2 d4 27. e4 Rc3 0-1

[Event "Gibtelecom ChallWk1 6th"]
[Site "Gibraltar"]
[Date "2008.01.26"]
[Round "5.12"]
[White "Hansen, Pal Andreas"]
[Black "Hamer, Martyn"]
[Result "0-1"]
[WhiteElo "2108"]
[BlackElo "1962"]
[PlyCount "68"]
[EventDate "2008.01.22"]
[EventType "swiss"]
[EventRounds "5"]
[EventCountry "GGB"]
[SourceTitle "BritBase"]
[Source "www.saund.co.uk"]
[SourceDate "2018.02.10"]
[SourceVersion "1"]
[SourceVersionDate "2018.02.10"]
[SourceQuality "1"]

1. e4 c5 2. Nf3 Nc6 3. d4 cxd4 4. Nxd4 e5 5. Nb5 d6 6. N1c3 a6 7. Na3 b5 8. Nd5
Nge7 9. c4 Nd4 10. cxb5 Nxd5 11. exd5 Be7 12. Bd3 O-O 13. O-O Bb7 14. Be3 f5
15. Bxd4 exd4 16. Bc4 Bf6 17. Qd3 Qb6 18. bxa6 Bxa6 19. Bxa6 Rxa6 20. Nc4 Qa7
21. Qxf5 Rxa2 22. Rxa2 Qxa2 23. Nxd6 h6 24. Qe6+ Kh8 25. b4 d3 26. Nf7+ Kh7 27.
Ne5 Bxe5 28. Qxe5 d2 29. Qe4+ Kh8 30. Qd3 Rc8 31. d6 Rc1 32. d7 Rxf1+ 33. Kxf1
Qa1+ 34. Ke2 Qe1+ 0-1

[Event "Gibtelecom ChallWk1 6th"]
[Site "Gibraltar"]
[Date "2008.01.26"]
[Round "5.13"]
[White "Suez-Panama, Gilles"]
[Black "Quinn, Joseph"]
[Result "1/2-1/2"]
[WhiteElo "2099"]
[BlackElo "1750"]
[PlyCount "32"]
[EventDate "2008.01.22"]
[EventType "swiss"]
[EventRounds "5"]
[EventCountry "GGB"]
[SourceTitle "BritBase"]
[Source "www.saund.co.uk"]
[SourceDate "2018.02.10"]
[SourceVersion "1"]
[SourceVersionDate "2018.02.10"]
[SourceQuality "1"]

1. d4 d5 2. Nf3 Nf6 3. c4 e6 4. g3 c6 5. Bg2 Nbd7 6. Qc2 Be7 7. O-O O-O 8. Rd1
b6 9. Nc3 Bb7 10. cxd5 cxd5 11. Bg5 Rc8 12. Rac1 Ne4 13. Bxe7 Qxe7 14. Qb3 Nxc3
15. Rxc3 Rxc3 16. Qxc3 Rc8 1/2-1/2

[Event "Gibtelecom ChallWk1 6th"]
[Site "Gibraltar"]
[Date "2008.01.26"]
[Round "5.14"]
[White "Dasaolu, Adeoye"]
[Black "Revesz, Kinga"]
[Result "1-0"]
[WhiteElo "2064"]
[BlackElo "2026"]
[PlyCount "67"]
[EventDate "2008.01.22"]
[EventType "swiss"]
[EventRounds "5"]
[EventCountry "GGB"]
[SourceTitle "BritBase"]
[Source "www.saund.co.uk"]
[SourceDate "2018.02.10"]
[SourceVersion "1"]
[SourceVersionDate "2018.02.10"]
[SourceQuality "1"]

1. Nf3 d5 2. d4 Nf6 3. Bg5 e6 4. e3 Be7 5. c4 c6 6. Nc3 Nbd7 7. Rc1 O-O 8. Qc2
Nh5 9. h4 f5 10. Bd3 Ndf6 11. Ne5 Ne4 12. Qd1 Nhf6 13. Bf4 Nd7 14. h5 Nxe5 15.
Bxe5 Bd6 16. Bxd6 Qxd6 17. Bxe4 fxe4 18. h6 g6 19. Qb3 b6 20. cxd5 exd5 21.
Nxe4 Qe6 22. Ng3 Ba6 23. Qc3 Rf6 24. f3 Raf8 25. Kd2 g5 26. Qa3 Bb5 27. Qxa7
Rxh6 28. b3 Qg6 29. e4 Rxh1 30. Rxh1 c5 31. a4 Bc6 32. Nf5 Kh8 33. Rh6 Qf7 34.
Qxf7 1-0

[Event "Gibtelecom ChallWk1 6th"]
[Site "Gibraltar"]
[Date "2008.01.26"]
[Round "5.15"]
[White "Hickman, John E"]
[Black "Kandic, Milan"]
[Result "0-1"]
[WhiteElo "2009"]
[BlackElo "2238"]
[PlyCount "100"]
[EventDate "2008.01.22"]
[EventType "swiss"]
[EventRounds "5"]
[EventCountry "GGB"]
[SourceTitle "BritBase"]
[Source "www.saund.co.uk"]
[SourceDate "2018.02.10"]
[SourceVersion "1"]
[SourceVersionDate "2018.02.10"]
[SourceQuality "1"]

1. e4 d6 2. d4 Nf6 3. Nc3 e5 4. Nge2 Nbd7 5. g3 c6 6. Bg2 g6 7. O-O Bg7 8. h3
O-O 9. Be3 Re8 10. g4 b5 11. a3 Bb7 12. Ng3 Nb6 13. b3 exd4 14. Bxd4 c5 15.
Bxf6 Bxf6 16. Nxb5 Bxa1 17. Qxa1 a6 18. Nc3 Qc7 19. Rd1 Rad8 20. a4 Nd7 21. Nd5
Bxd5 22. Rxd5 Re5 23. Rd2 Nf8 24. f4 Ree8 25. Ne2 c4 26. Kh1 cxb3 27. cxb3 Ne6
28. Qb2 d5 29. f5 Nf4 30. Nxf4 Qxf4 31. Rf2 Qd6 32. fxg6 hxg6 33. Rf6 Qg3 34.
exd5 Re1+ 35. Rf1 Rxf1+ 36. Bxf1 Rxd5 37. Qg2 Qxg2+ 38. Kxg2 a5 39. h4 Rd4 40.
Kg3 f6 41. Bc4+ Kf8 42. h5 Kg7 43. Be2 Kh6 44. Kf2 Rb4 45. hxg6 Rxb3 46. Bd1
Ra3 47. Ke1 Kxg6 48. Kd2 Kg5 49. Kc1 Rg3 50. Kb2 Rxg4 0-1

[Event "Gibtelecom ChallWk1 6th"]
[Site "Gibraltar"]
[Date "2008.01.26"]
[Round "5.16"]
[White "Jap Tjoen San, Linda"]
[Black "Thollin, Robert"]
[Result "1/2-1/2"]
[WhiteElo "2174"]
[BlackElo "2011"]
[PlyCount "72"]
[EventDate "2008.01.22"]
[EventType "swiss"]
[EventRounds "5"]
[EventCountry "GGB"]
[SourceTitle "BritBase"]
[Source "www.saund.co.uk"]
[SourceDate "2018.02.10"]
[SourceVersion "1"]
[SourceVersionDate "2018.02.10"]
[SourceQuality "1"]

1. e4 d6 2. d4 Nf6 3. Nc3 g6 4. f4 Bg7 5. Nf3 c5 6. Bb5+ Bd7 7. Bxd7+ Nfxd7 8.
d5 b5 9. Nxb5 Qa5+ 10. Nc3 Bxc3+ 11. bxc3 Qxc3+ 12. Bd2 Qc4 13. Qe2 Nb6 14. a4
a5 15. Qxc4 Nxc4 16. Ke2 Nd7 17. Rhb1 O-O 18. Rb7 Ncb6 19. Rb1 Rfb8 20. Rxb8+
Rxb8 21. Bxa5 Nxa4 22. Rxb8+ Nxb8 23. Nd2 Nb2 24. Bc3 Na4 25. Kd3 Nxc3 26. Kxc3
Nd7 27. Kc4 f5 28. e5 Nb6+ 29. Kb5 Nxd5 30. Kc6 Nxf4 31. exd6 exd6 32. Kxd6
Nxg2 33. Kxc5 Kf7 34. Kd4 Ke6 35. Nf3 h6 36. c4 g5 1/2-1/2

[Event "Gibtelecom ChallWk1 6th"]
[Site "Gibraltar"]
[Date "2008.01.26"]
[Round "5.17"]
[White "Dennis, Nigel W"]
[Black "Kawuma, Steven Male"]
[Result "0-1"]
[WhiteElo "1957"]
[BlackElo "2166"]
[PlyCount "86"]
[EventDate "2008.01.22"]
[EventType "swiss"]
[EventRounds "5"]
[EventCountry "GGB"]
[SourceTitle "BritBase"]
[Source "www.saund.co.uk"]
[SourceDate "2018.02.10"]
[SourceVersion "1"]
[SourceVersionDate "2018.02.10"]
[SourceQuality "1"]

1. e4 c5 2. Nf3 Nc6 3. d4 cxd4 4. Nxd4 Nf6 5. Nc3 e5 6. Ndb5 d6 7. Bg5 a6 8.
Na3 b5 9. Nd5 Be7 10. Bxf6 Bxf6 11. c3 O-O 12. Be2 Bg5 13. O-O Ne7 14. Nxe7+
Qxe7 15. Nc2 Bb7 16. Bf3 f5 17. exf5 e4 18. Re1 d5 19. Nd4 Qf6 20. Bg4 g6 21.
Qe2 gxf5 22. Bxf5 Kh8 23. Rf1 Rae8 24. Rae1 Qh6 25. Qg4 Bf6 26. Qh3 Qxh3 27.
Bxh3 b4 28. Rb1 Rf7 29. Rfd1 Rc7 30. Kf1 Ba8 31. cxb4 Rc4 32. Nb3 Rxb4 33. Rdc1
d4 34. Rc8 Rxc8 35. Bxc8 d3 36. Bxa6 Ra4 37. Nc5 Rxa2 38. b4 Bd4 39. Bb7 Bxb7
40. Nxb7 Rxf2+ 41. Ke1 e3 42. Nc5 Bc3+ 43. Kd1 Rf1# 0-1

[Event "Gibtelecom ChallWk1 6th"]
[Site "Gibraltar"]
[Date "2008.01.26"]
[Round "5.19"]
[White "Vinas Guerrero, Carlos A"]
[Black "Georgieva, Emilia"]
[Result "1-0"]
[WhiteElo "2129"]
[BlackElo "1985"]
[PlyCount "55"]
[EventDate "2008.01.22"]
[EventType "swiss"]
[EventRounds "5"]
[EventCountry "GGB"]
[SourceTitle "BritBase"]
[Source "www.saund.co.uk"]
[SourceDate "2018.02.10"]
[SourceVersion "1"]
[SourceVersionDate "2018.02.10"]
[SourceQuality "1"]

1. e4 c5 2. c3 d6 3. d4 cxd4 4. cxd4 Nf6 5. Bd3 g6 6. Nf3 Nc6 7. Nc3 Bg7 8. h3
O-O 9. O-O e5 10. d5 Ne7 11. Be3 h6 12. Qc1 Kh7 13. Nb5 b6 14. Qc7 Ba6 15. Qxd8
Raxd8 16. Nd2 Nd7 17. Bc4 Bxb5 18. Bxb5 f5 19. f3 f4 20. Bf2 Nf6 21. Rfc1 Rc8
22. Ba6 Rcd8 23. Rc7 Rd7 24. Rac1 Rfd8 25. Bb5 Rxc7 26. Rxc7 Bf8 27. Rxa7 Rc8
28. Nc4 1-0

[Event "Gibtelecom ChallWk1 6th"]
[Site "Gibraltar"]
[Date "2008.01.26"]
[Round "5.20"]
[White "Tofte, Sondre Waage"]
[Black "Edvardsen, Ingar"]
[Result "1-0"]
[WhiteElo "2108"]
[BlackElo "1972"]
[PlyCount "65"]
[EventDate "2008.01.22"]
[EventType "swiss"]
[EventRounds "5"]
[EventCountry "GGB"]
[SourceTitle "BritBase"]
[Source "www.saund.co.uk"]
[SourceDate "2018.02.10"]
[SourceVersion "1"]
[SourceVersionDate "2018.02.10"]
[SourceQuality "1"]

1. e4 c5 2. a3 g6 3. d4 Bg7 4. dxc5 Qa5+ 5. b4 Qc7 6. c3 a5 7. Bb2 Nc6 8. Qd2
Nh6 9. Nf3 O-O 10. Bd3 Rd8 11. O-O d5 12. exd5 Rxd5 13. Qe2 Bg4 14. Be4 Rh5 15.
h3 Ne5 16. Nbd2 Nxf3+ 17. Bxf3 Bxf3 18. Nxf3 Ra6 19. c4 Bxb2 20. Qxb2 Rf6 21.
Rad1 g5 22. Qe5 Qxe5 23. Nxe5 Rf4 24. Rd8+ Kg7 25. Rd7 g4 26. c6 gxh3 27. g3
h2+ 28. Kh1 Re4 29. c7 Rhxe5 30. c8=Q Ng4 31. Rxb7 Re6 32. Rb5 Kf6 33. Qg8 1-0

[Event "Gibtelecom ChallWk1 6th"]
[Site "Gibraltar"]
[Date "2008.01.26"]
[Round "5.21"]
[White "Strand, Haakon"]
[Black "Campeanu, Alin-Vivian"]
[Result "1-0"]
[WhiteElo "2045"]
[BlackElo "1912"]
[PlyCount "49"]
[EventDate "2008.01.22"]
[EventType "swiss"]
[EventRounds "5"]
[EventCountry "GGB"]
[SourceTitle "BritBase"]
[Source "www.saund.co.uk"]
[SourceDate "2018.02.10"]
[SourceVersion "1"]
[SourceVersionDate "2018.02.10"]
[SourceQuality "1"]

1. e4 d5 2. exd5 Qxd5 3. Nc3 Qa5 4. d4 Nf6 5. Nf3 Bg4 6. h3 Bh5 7. g4 Bg6 8.
Ne5 Ne4 9. Bg2 Nxc3 10. bxc3 c6 11. Bd2 Nd7 12. Nxd7 Kxd7 13. Rb1 Qxa2 14. O-O
Kc8 15. Qf3 e5 16. dxe5 Qe6 17. Rb2 Bc5 18. Rfb1 Rd8 19. Be3 Bxe3 20. Qxe3 b6
21. Rxb6 axb6 22. Qxb6 Kd7 23. Rd1+ Ke7 24. Qc5+ Rd6 25. Rxd6 1-0